[Event "CRO-ch U17/19"]
[Site "Split"]
[Date "2022.07.26"]
[Round "3"]
[White "Cubric, Andrija"]
[Black "Friscic, Matej"]
[Result "1/2-1/2"]
[WhiteElo "1853"]
[BlackElo "1668"]
[PlyCount "86"]
[EventDate "2022.07.25"]
[EventType "swiss"]
[EventRounds "9"]
[EventCountry "CRO"]
[SourceTitle "EXT 2023"]
[Source "ChessBase"]
[SourceDate "2022.10.05"]
[SourceVersion "1"]
[SourceVersionDate "2022.10.05"]
[SourceQuality "1"]

1. d4 d5 2. c4 c6 3. cxd5 cxd5 4. Nc3 Nc6 5. Nf3 Nf6 6. Bf4 Bf5 7. e3 a6 8. Rc1 e6 9. Qb3 Qd7 10. Be2 Nh5 11. Ne5 Nxe5 12. Bxe5 Nf6 13. Na4 Rc8 14. 0-0 Rc6 15. Nb6 Qd8 16. Rxc6 bxc6 17. Rc1 Be7 18. Rxc6 0-0 19. Rc8 Qxc8 20. Nxc8 Rxc8 21. f3 a5 22. Bd3 a4 23. Qd1 Bxd3 24. Qxd3 Nd7 25. Bf4 g5 26. Bg3 Rc1+ 27. Kf2 Nb6 28. b3 a3 29. Ke2 Ra1 30. Qc2 Bb4 31. Bc7 Nd7 32. Bd8 h6 33. Bc7 Kg7 34. h3 Kg8 35. Bd8 Nf8 36. Bb6 Nd7 37. Bc5 Nxc5 38. dxc5 Ba5 39. c6 e5 40. c7 Bxc7 41. Qxc7 Rxa2+ 42. Kd1 Rxg2 43. Qb8+ Kh7 1/2-1/2

[Event "CRO-ch U15"]
[Site "Trogir"]
[Date "2021.06.23"]
[Round "7"]
[White "Hranj, Martin"]
[Black "Cubric, Andrija"]
[Result "0-1"]
[WhiteElo "1439"]
[BlackElo "1662"]
[PlyCount "102"]
[EventDate "2021.06.18"]
[EventType "swiss"]
[EventRounds "9"]
[EventCountry "CRO"]
[SourceTitle "EXT 2022"]
[Source "ChessBase"]
[SourceDate "2021.10.06"]
[SourceVersion "1"]
[SourceVersionDate "2021.10.06"]
[SourceQuality "1"]

1. e4 e6 2. d4 d5 3. Nc3 Nf6 4. Bg5 dxe4 5. Nxe4 Be7 6. Bxf6 gxf6 7. Qd2 f5 8. Nc3 a6 9. 0-0-0 b5 10. Nf3 Bb7 11. h4 Nd7 12. d5 e5 13. Qh6 Bd6 14. g3 Qf6 15. Qg5 h6 16. Qh5 Qg6 17. Qxg6 fxg6 18. Bh3 0-0 19. Rhe1 b4 20. Nb1 Rae8 21. Nh2 Nb6 22. Bg2 e4 23. Nf1 Nxd5 24. Nbd2 Nb6 25. Ne3 Bc5 26. Nb3 Bxe3+ 27. fxe3 Rd8 28. Nd4 Bd5 29. Bf1 c5 30. Nb3 Bxb3 31. cxb3 a5 32. Kb1 Kf7 33. Rc1 Rc8 34. Rc2 Rfd8 35. Rec1 Rd5 36. a3 Ke7 37. Ba6 Rc7 38. Bc4 Nxc4 39. Rxc4 Kd6 40. Kc2 Rd3 41. Rd1 Rxd1 42. Kxd1 Kc6 43. Ke2 Rd7 44. g4 h5 45. gxf5 gxf5 46. axb4 axb4 47. Rc1 Rd3 48. Rg1 Rxb3 49. Rg5 Rxb2+ 50. Ke1 Rh2 51. Rxh5 b3 0-1

[Event "CRO-chT2 West"]
[Site "Rijeka"]
[Date "2020.10.25"]
[Round "8.5"]
[White "Vujic, Vlado"]
[Black "Cubric, Andrija"]
[Result "1/2-1/2"]
[WhiteElo "1639"]
[BlackElo "1650"]
[PlyCount "125"]
[EventDate "2020.09.12"]
[EventType "team-tourn"]
[EventRounds "9"]
[EventCountry "CRO"]
[SourceTitle "EXT 2022"]
[Source "ChessBase"]
[SourceDate "2021.10.06"]
[SourceVersion "1"]
[SourceVersionDate "2021.10.06"]
[SourceQuality "1"]
[WhiteTeam "Drazice Rjecina"]
[BlackTeam "Rijeka II"]
[WhiteTeamCountry "CRO"]
[BlackTeamCountry "CRO"]

1. e4 e6 2. c3 d5 3. exd5 exd5 4. d4 Bd6 5. Nf3 Ne7 6. Bg5 Nbc6 7. Bb5 f6 8. Be3 a6 9. Ba4 Bg4 10. Nbd2 0-0 11. 0-0 f5 12. Bc2 h6 13. Nb3 Qe8 14. h3 Bh5 15. Bd3 Qd7 16. Be2 Rae8 17. Re1 Kh8 18. Qc2 Qc8 19. Nh4 Bxe2 20. Rxe2 g5 21. Nf3 Ng8 22. Rae1 Nf6 23. Ne5 Nxe5 24. dxe5 Rxe5 25. Bd4 Rxe2 26. Qxe2 c5 27. Be5 Qc6 28. Bxd6 Qxd6 29. Qe6 Qxe6 30. Rxe6 c4 31. Nc5 Rf7 32. Rb6 Ne4 33. Rxb7 Rxb7 34. Nxb7 g4 35. hxg4 fxg4 36. f3 gxf3 37. gxf3 Ng5 38. Kg2 Ne6 39. Kg3 Kg7 40. Nd6 Kf6 41. f4 Nc5 42. Ne8+ Ke7 43. Ng7 Na4 44. Nf5+ Kf6 45. Nxh6 Nxb2 46. Ng4+ Ke6 47. Ne3 Na4 48. Nd1 Nc5 49. Kf3 Ne4 50. Ke3 Kd6 51. Kd4 Ng3 52. Ke3 Nf5+ 53. Kf3 Kc5 54. Kg4 Nd6 55. f5 d4 56. f6 dxc3 57. Nxc3 Kb4 58. Nd5+ Ka3 59. Kf4 Kxa2 60. Nb4+ Kb2 61. Nxa6 c3 62. Nb4 Kb3 63. Nd3 1/2-1/2

[Event "CRO-chT2 West"]
[Site "Rijeka"]
[Date "2020.10.10"]
[Round "4.5"]
[White "Cubric, Andrija"]
[Black "Milevoj, Cedomir"]
[Result "0-1"]
[WhiteElo "1650"]
[BlackElo "1925"]
[PlyCount "71"]
[EventDate "2020.09.12"]
[EventType "team-tourn"]
[EventRounds "9"]
[EventCountry "CRO"]
[SourceTitle "EXT 2022"]
[Source "ChessBase"]
[SourceDate "2021.10.06"]
[SourceVersion "1"]
[SourceVersionDate "2021.10.06"]
[SourceQuality "1"]
[WhiteTeam "Rijeka II"]
[BlackTeam "Buje"]
[WhiteTeamCountry "CRO"]
[BlackTeamCountry "CRO"]

1. d4 Nf6 2. c4 c5 3. d5 b5 4. cxb5 a6 5. b6 Qxb6 6. Nc3 g6 7. e4 d6 8. Nf3 Bg7 9. Nd2 0-0 10. Be2 Nbd7 11. 0-0 Rb8 12. Nc4 Qc7 13. a4 Nb6 14. Ne3 Ne8 15. a5 Nd7 16. Nc4 f5 17. Bg5 Nef6 18. f3 h6 19. Be3 Kh8 20. Qd2 Ng8 21. Na4 Rb3 22. Qc2 Rxe3 23. Nxe3 Bd4 24. exf5 Bxe3+ 25. Kh1 gxf5 26. f4 Qxa5 27. Ra3 Bd4 28. Bd3 Ndf6 29. Bxf5 Nxd5 30. Bxc8 Qb5 31. Bxa6 Qxa6 32. Re1 Rxf4 33. h3 Rf1+ 34. Rxf1 Qxf1+ 35. Kh2 Bg1+ 36. Kg3 0-1

[Event "CRO-chT2 West"]
[Site "Rijeka"]
[Date "2020.09.13"]
[Round "2.6"]
[White "Kirincic, Marko"]
[Black "Cubric, Andrija"]
[Result "1/2-1/2"]
[WhiteElo "1792"]
[BlackElo "1650"]
[PlyCount "33"]
[EventDate "2020.09.12"]
[EventType "team-tourn"]
[EventRounds "9"]
[EventCountry "CRO"]
[SourceTitle "EXT 2022"]
[Source "ChessBase"]
[SourceDate "2021.10.06"]
[SourceVersion "1"]
[SourceVersionDate "2021.10.06"]
[SourceQuality "1"]
[WhiteTeam "Ravna Gora Goranka"]
[BlackTeam "Rijeka II"]
[WhiteTeamCountry "CRO"]
[BlackTeamCountry "CRO"]

1. e4 e6 2. Nf3 d5 3. exd5 exd5 4. d4 Nf6 5. Nc3 Bd6 6. Bg5 c6 7. Bd3 0-0 8. 0-0 h6 9. Bh4 Bg4 10. h3 Bh5 11. g4 Bg6 12. Ne5 Bxd3 13. Qxd3 Be7 14. Rae1 Nbd7 15. Nxd7 Qxd7 16. Bg3 Bd6 17. Bxd6 1/2-1/2

[Event "CRO-ch U15"]
[Site "Trogir"]
[Date "2020.08.26"]
[Round "5"]
[White "Cubric, Andrija"]
[Black "Begic, Domagoj"]
[Result "1/2-1/2"]
[WhiteElo "1583"]
[BlackElo "1646"]
[PlyCount "87"]
[EventDate "2020.08.24"]
[EventType "swiss"]
[EventRounds "9"]
[EventCountry "CRO"]
[SourceTitle "CBM 198 Extra"]
[Source "ChessBase"]
[SourceDate "2020.11.30"]
[SourceVersion "1"]
[SourceVersionDate "2020.11.30"]
[SourceQuality "1"]

1. d4 d5 2. c4 e6 3. Nf3 Nf6 4. g3 h6 5. Bg2 c6 6. 0-0 Bd6 7. Qc2 Nbd7 8. Nc3 dxc4 9. e4 Be7 10. a4 a5 11. Rd1 0-0 12. Bf4 Bb4 13. Ne5 Nb6 14. Qe2 Qe7 15. Nxc4 Nxc4 16. Qxc4 Rd8 17. Rac1 Bd7 18. Na2 Be8 19. Nxb4 Qxb4 20. Qxb4 axb4 21. b3 b5 22. axb5 cxb5 23. Bc7 Rd7 24. e5 Nd5 25. Bxd5 Rxd5 26. Bd6 Kh7 27. Bxb4 Kg6 28. Rc2 Kf5 29. f3 g5 30. g4+ Kg6 31. Kf2 h5 32. h3 h4 33. Rdd2 Rdd8 34. Ke3 Ra1 35. Bd6 Rda8 36. f4 Rg1 37. Rf2 Raa1 38. fxg5 Rg3+ 39. Rf3 Rxf3+ 40. Kxf3 Rg1 41. Rc8 Bd7 42. Rc7 Be8 43. Rc8 Bd7 44. Rc7 1/2-1/2

[Event "CRO-ch Top 10 U16"]
[Site "Rijeka"]
[Date "2020.01.06"]
[Round "5"]
[White "Sundac, Ivano"]
[Black "Cubric, Andrija"]
[Result "1/2-1/2"]
[WhiteElo "1379"]
[BlackElo "1560"]
[PlyCount "42"]
[EventDate "2020.01.04"]
[EventType "swiss"]
[EventRounds "6"]
[EventCountry "CRO"]
[SourceTitle "CBM 195 Extra"]
[Source "ChessBase"]
[SourceDate "2020.05.31"]
[SourceVersion "1"]
[SourceVersionDate "2020.05.31"]
[SourceQuality "1"]

1. d4 Nf6 2. Nf3 d6 3. c4 g6 4. Nc3 Bg7 5. e4 0-0 6. Be2 e5 7. d5 a5 8. h3 Na6 9. Be3 Nc5 10. Bxc5 dxc5 11. Qd2 Ne8 12. g4 Nd6 13. 0-0-0 Bd7 14. Qe3 b6 15. a4 Qe7 16. b3 Rac8 17. Nb5 Bxb5 18. cxb5 Rcd8 19. h4 c4 20. bxc4 Nb7 21. Kc2 Qb4 1/2-1/2

[Event "CRO-ch U13"]
[Site "Trogir"]
[Date "2019.06.20"]
[Round "6"]
[White "Cubric, Andrija"]
[Black "Krizanic, Petar"]
[Result "1/2-1/2"]
[WhiteElo "1539"]
[BlackElo "1208"]
[PlyCount "81"]
[EventDate "2019.06.17"]
[EventType "swiss"]
[EventRounds "9"]
[EventCountry "CRO"]
[SourceTitle "EXT 2020"]
[Source "ChessBase"]
[SourceDate "2019.10.17"]
[SourceVersion "1"]
[SourceVersionDate "2019.10.17"]
[SourceQuality "1"]

1. e4 e5 2. Nf3 Nc6 3. Bc4 Bc5 4. 0-0 Nf6 5. d4 Bxd4 6. Nxd4 Nxd4 7. Bg5 h6 8. Bh4 d6 9. f4 Bg4 10. Bxf6 Bxd1 11. Bxd8 Nxc2 12. Rxd1 Rxd8 13. f5 Nxa1 14. Na3 c6 15. Rxa1 d5 16. exd5 cxd5 17. Bb3 a6 18. Rd1 d4 19. Bc2 0-0 20. Be4 Rd7 21. Nc4 f6 22. Nb6 Rc7 23. Nd5 Rc5 24. b4 Rc4 25. Bd3 b5 26. Bxc4 bxc4 27. Kf2 Rd8 28. Nc3 Rb8 29. Nd5 Rb5 30. Ne7+ Kf7 31. Nc6 Rb6 32. Nxd4 exd4 33. Rxd4 Rxb4 34. Rd7+ Kf8 35. Kf3 Ra4 36. Rd2 Ra3+ 37. Ke4 c3 38. Rc2 Ke7 39. Kd4 Kd6 40. Kc4 a5 41. Kd4 1/2-1/2

[Event "CRO-ch U13"]
[Site "Trogir"]
[Date "2019.06.18"]
[Round "3"]
[White "Rukavina, David"]
[Black "Cubric, Andrija"]
[Result "1-0"]
[WhiteElo "1299"]
[BlackElo "1539"]
[PlyCount "68"]
[EventDate "2019.06.17"]
[EventType "swiss"]
[EventRounds "9"]
[EventCountry "CRO"]
[SourceTitle "EXT 2020"]
[Source "ChessBase"]
[SourceDate "2019.10.17"]
[SourceVersion "1"]
[SourceVersionDate "2019.10.17"]
[SourceQuality "1"]

1. e4 c5 2. Nf3 d6 3. d4 cxd4 4. Qxd4 Nf6 5. Nc3 Nc6 6. Bb5 Bd7 7. Bxc6 Bxc6 8. Bf4 e5 9. Qc4 exf4 10. 0-0-0 Rc8 11. Ng5 Qc7 12. e5 dxe5 13. Rhe1 e4 14. Ncxe4 Nxe4 15. Nxe4 Bxe4 16. Rxe4+ Be7 17. Qe2 Rd8 18. Re1 Rd7 19. Qb5 Kd8 20. Rc4 Qd6 21. Qa5+ b6 22. Qc3 Rc7 23. Rd1 Qxd1+ 24. Kxd1 Rxc4 25. Qxc4 Bf6 26. Qd5+ Kc7 27. Qxf7+ Kb8 28. Kc1 Rc8 29. Qd5 Rd8 30. Qf3 g5 31. g3 Be5 32. Qe4 Re8 33. Qxh7 fxg3 34. hxg3 Bc7 1-0